Nommez l'auteur du livre - Statistiques

Statistiques générales
  • Ce quiz a été pris 292 fois
  • Le résultat moyen est 9 sur 16
Statistiques - réponses
Par images Réponse % Correct
Antoine de Saint-Exupéry
95%
Victor Hugo
94%
Émile Zola
87%
Agatha Christie
84%
J.K. Rowling
84%
Jules Verne
83%
Alexandre Dumas
79%
J.R.R Tolkien
75%
Marcel Proust
64%
Arthur Conan Doyle
63%
Cervantès
56%
Edmond Rostand
54%
C.S. Lewis
18%
Bryan Perro
3%
Mario Francis
1%
Sara Pennypacker
1%
Aucun quiz correspondant
Distribution des résultats
% des personnes avec chaque résultat
Percentile par nombre de réponses
Votre historique - résultats
Vous n’avez pas pris ce quiz